000 01072cam a2200313 a 4500
003 OSt
005 20140310184526.0
008 870512r19881978nyua j 000 1 eng
010 _a 87014330
020 _a0689711999 (pbk.) :
_c$2.95
040 _aDLC
_cDLC
_dDLC
042 _alcac
050 0 0 _aPZ 7
_b.V816Al 1993
100 1 _aViorst, Judith.
_930228
245 1 0 _aAlexander, who used to be rich last Sunday /
_cJudith Viorst ; illustrated by Ray Cruz.
250 _a2nd Aladdin Books ed.
260 _aNew York :
_bAladdin Books,
_c1993.
300 _a32 p. :
_bill. ;
_c19 cm.
521 _aG3
526 _c570
650 1 _aFinance, Personal
_xFiction.
_930233
650 1 _aHumorous stories.
_93831
700 1 _aCruz, Ray,
_eill.
_930234
856 4 2 _3Contributor biographical information
_uhttp://www.loc.gov/catdir/bios/simon051/87014330.html
856 4 2 _3Publisher description
_uhttp://www.loc.gov/catdir/description/simon032/87014330.html
906 _a7
_bcbc
_corignew
_d1
_eocip
_f19
_gy-gencatlg
942 _2lcc
_cBK-SCHOLAS
999 _c35126
_d35126